00860nam a22002537a 4500999001500000001000600015003000900021005001700030008004100047022001300088040002800101082001700129245008700146260005200233300002500285490005400310650001700364650003500381650002400416700002100440700001900461942001200480952011400492 c7514d751419227BD-DhUAP20210123160359.0210123|2011 bg 000 0 eng  a10156836 aDLCcDLCdBD-DhUAPbEng a052 JOU 22310aDiamond Jubilee volume (1956-2011) /cedited by Harun-or-Rashid and Sabbir Ahmed. aDacca :bAsiatic Society of Bangladesh,cc2011. a573 pages ; c24 cm. aJournal of the Asiatic Society of Bangladesh, 56. aPeriodicals. aAsiatic Society of Bangladesh. aOriental philology. aHarun-or-Rashid. aAhmed, Sabbir. 2ddccBK 00102ddc4070aUAPCLbUAPCLcGeneral Stacksd2021-01-23o052 JOUp3010019227r2021-01-23t1w2021-01-23yBK